Visualizzazione normale
Vista MARC
- Widor Charles-Marie
di Personal Name
Records bibliografici associati: 1
001 - CONTROL NUMBER
- control field: 8014
003 - CONTROL NUMBER IDENTIFIER
- control field: IT-RoPau
005 - DATE AND TIME OF LATEST TRANSACTION
- control field: 20140107151740.0
008 - FIXED-LENGTH DATA ELEMENTS
- fixed length control field: 140107|| aca||aabn | a|a d
040 ## - CATALOGING SOURCE
- Original cataloging agency: IT-RoPau
- Transcribing agency: IT-RoPau
100 ## - HEADING--PERSONAL NAME
- Personal name: Widor Charles-Marie
- Miscellaneous information: Codice autore musica SPICS: 14347
- Relator term: Autore musica
- Name of part/section of a work: Toccata de la 5 symphonie pour orgue en fa majeur op. 42
670 ## - SOURCE DATA FOUND
- Source citation: Work cat.: (IT-RoPau)99804: AA.VV. 794, Toccatas pour orgue (Lp 6504 017)